| 000 | 00571cam a2200193 4500500 | ||
|---|---|---|---|
| 005 | 20260329004514.0 | ||
| 041 | _afre | ||
| 042 | _adc | ||
| 100 | 1 | 0 |
_aPortevin, Catherine _eauthor |
| 245 | 0 | 0 | _aL’Imposture antispéciste |
| 260 | _c2020. | ||
| 500 | _a53 | ||
| 690 | _aAnimal | ||
| 690 | _aAnimalisme | ||
| 690 | _aAntispécisme | ||
| 690 | _aAriane Nicolas | ||
| 786 | 0 | _nPhilosophie magazine | 137 | 3 | 2020-03-01 | p. 61-61 | 1951-1787 | |
| 856 | 4 | 1 | _uhttps://shs.cairn.info/magazine-philosophie-magazine-2020-3-page-61?lang=fr&redirect-ssocas=7080 |
| 999 |
_c1834563 _d1834563 |
||